| 000 | 00639nam a22001937a 4500 | ||
|---|---|---|---|
| 005 | 20230201082810.0 | ||
| 008 | 230201b |||||||| |||| 00| 0 eng d | ||
| 020 | _a0-7450-1136-5 | ||
| 082 | _aG.S. 155 G298 1994 | ||
| 100 |
_aGeert, Paul van _eauthor |
||
| 245 |
_aDynamic systems development: _bchange between complexity and chaos / _cPaul van Geert |
||
| 260 |
_aHertfordshire: _bHarvester Wheatsheaf, _cc1994. |
||
| 300 |
_axii, 300p.; _bill. |
||
| 490 | _aThe developing body and mind series | ||
| 504 | _aIncludes bibliographical references | ||
| 541 | _e850 | ||
| 650 | _aDevelopmental psychology | ||
| 650 | _aChild psychology | ||
| 999 |
_c846 _d846 |
||